Annual report 2015 (Record no. 84249)

MARC details
000 -LEADER
fixed length control field 00787nam a2200157 a 4500
008 - FIXED-LENGTH DATA ELEMENTS--GENERAL INFORMATION
fixed length control field 170420s2015 ||||||||||||||||| || u
050 ## - LIBRARY OF CONGRESS CALL NUMBER
Classification number ZWMA(058)AR/2015A
110 ## - MAIN ENTRY--CORPORATE NAME
Corporate name or jurisdiction name as entry element Zambia Weights and Measures Agency (ZWMA)
245 10 - TITLE STATEMENT
Title Annual report 2015
Statement of responsibility, etc. Zambia Weights & Measures Agency (ZW&MA)
260 ## - PUBLICATION, DISTRIBUTION, ETC.
Place of publication, distribution, etc. Zambia
Name of publisher, distributor, etc. Zambia Weights and Measures Agency (ZWMA)
Date of publication, distribution, etc. 2015
300 ## - PHYSICAL DESCRIPTION
Extent 32p. : ill
650 ## - SUBJECT ADDED ENTRY--TOPICAL TERM
Topical term or geographic name entry element WEIGHTS AND MEASURES
650 ## - SUBJECT ADDED ENTRY--TOPICAL TERM
Topical term or geographic name entry element WEIGHT AND MEASURES--LAW AND LEGISLATION--ZAMBIA
995 ## -
-- SPECIAL COLLECTIONS
-- 3323
-- CBU-MAIN LIBRARY (Kitwe)
-- ZWMA(058)AR/2015B
-- 2
-- AVAILABLE
-- Apr 20, 2017
-- B3323
-- Zambiana Collection
995 ## -
-- SPECIAL COLLECTIONS
-- 3322
-- CBU-MAIN LIBRARY (Kitwe)
-- ZWMA(058)AR/2015A
-- 1
-- AVAILABLE
-- Apr 20, 2017
-- Zambiana publications
-- B3322
-- Zambiana Collection
999 ## -
-- 84249
-- 84249
Holdings
Withdrawn status Lost status Source of classification or shelving scheme Damaged status Not for loan Permanent Location Current Location Shelving location Date acquired Total Checkouts Full call number Barcode Date last seen Copy number Price effective from Koha item type
          CBU-MAIN LIBRARY, KITWE. CBU-MAIN LIBRARY, KITWE.   01/25/2024   ZWMA(058)AR/2015B B3323 01/25/2024 1 01/25/2024 SPECIAL COLLECTION
          CBU-MAIN LIBRARY, KITWE. CBU-MAIN LIBRARY, KITWE.   01/25/2024   ZWMA(058)AR/2015A B3322 01/25/2024 2 01/25/2024 SPECIAL COLLECTION